عرض عادي
عرض مارك
- القرآن
مدخل مصطلح موضوعي
001 - رقم الضبط
- حقل الضبط: 65041
003 - معرف رقم الضبط
- حقل الضبط: OSt
005 - تاريخ ووقت أخر عملية
- حقل الضبط: 20181217104512.0
008 - عناصر بيانات ثابتة الطول
- حقل تحكم ثابت الطول: 181217|| aca||aabn | a|a d
040 ## - مصدر الفهرسة
- هيئة الفهرسة الأصلية: OSt
- وكالة الكتابة: OSt
150 ## - مدخل-- مصطلح تاريخي
- عنصر مدخل المصطلح الموضوعي او الاسم الجغرافي: القرآن
- تفريع عام: بلاغة
670 ## - بيانات المصدر موجوده
- الاستشهاد بالمصدر: Work cat.: (OSt)75191: المأموني، إبراهيم محمد بن عيسي ت. 1079هـ 65038, محذوفات القرآن /, 2017
